Careers (Record no. 82891)

MARC details
000 -LEADER
fixed length control field 00604cab a22001935a 4500
001 - CONTROL NUMBER
control field L152086
008 - FIXED-LENGTH DATA ELEMENTS--GENERAL INFORMATION
fixed length control field 110131e20110128xxk 000 0 eng d
035 ## - SYSTEM CONTROL NUMBER
System control number (Sirsi) u152086
041 0# - LANGUAGE CODE
Language code of text/sound track or separate title eng
100 1# - MAIN ENTRY--PERSONAL NAME
Personal name McMeeken, Roxane
245 00 - TITLE STATEMENT
Title Careers
Remainder of title Canada, the friendly frontier
260 ## - PUBLICATION, DISTRIBUTION, ETC.
Date of publication, distribution, etc. 2011
490 ## - SERIES STATEMENT
Series statement Building
Volume/sequential designation 276 (8663) 28 January 2011, 70-73(3)
520 ## - SUMMARY, ETC.
Summary, etc. Considers the opportunities Canada offers to UK construction professionals, and looks at Canada's strong construction economy.
590 ## - LOCAL NOTE (RLIN)
Local note KA
651 #4 - SUBJECT ADDED ENTRY--GEOGRAPHIC NAME
Geographic name Canada
690 ## - LOCAL SUBJECT ADDED ENTRY--TOPICAL TERM (OCLC, RLIN)
Topical term or geographic name as entry element CAREERS, EDUCATION AND TRAINING
942 ## - ADDED ENTRY ELEMENTS (KOHA)
Suppress in OPAC 0
Holdings
Withdrawn status Lost status Source of classification or shelving scheme Damaged status Not for loan Home library Current library Shelving location Date acquired Total Checkouts Full call number Barcode Date last seen Copy number Price effective from Koha item type
    Dewey Decimal Classification     London London Journal article 31/01/2011   L152086 152086-1001 06/08/2019 1 06/08/2019 Journal article